|
|
|
|
| LEADER |
01071cam a2200301 7i4500 |
| 001 |
0000020133 |
| 005 |
20170218090000.0 |
| 008 |
080606 eng |
| 020 |
|
|
|a 0072976985
|
| 020 |
|
|
|a 9780072976984
|
| 040 |
|
|
|a OhCoOLI
|
| 090 |
0 |
0 |
|a TA350
|b .B44 2007
|
| 245 |
1 |
0 |
|a Vector mechanics for engineers :
|b statics and dynamics
|c Ferdinand P. Beer...[et al.] ; with collaboration of David F. Mazurek and Phillip J. Cornwell.
|
| 250 |
|
|
|a 8th ed.
|
| 260 |
|
|
|a Boston:
|b McGraw-Hill Higher Edu.,
|c 2007.
|
| 300 |
|
|
|a xxix, 1326 p.:
|b ill.;
|c 26 cm.
|
| 500 |
|
|
|a Includes index
|
| 501 |
|
|
|a With CD-ROM : YourOtherTeacher.com
|
| 650 |
0 |
0 |
|a Statics
|
| 650 |
0 |
0 |
|a Dynamics
|
| 650 |
0 |
0 |
|a Vector analysis
|
| 650 |
0 |
0 |
|a Mechanics, Applied
|
| 700 |
1 |
|
|a Beer, Ferdinand F
|
| 700 |
1 |
|
|a Mazurek, David F
|
| 700 |
1 |
|
|a Cornwell, Phillip J
|
| 997 |
|
|
|a Engineering, Faculty
|b Engineering, Department
|
| 999 |
|
|
|a 0000031208
|b BOK
|c REFERENCE
|e Ground Floor, Bestari Jaya
|
| 999 |
|
|
|a CDR0000947
|b CD-ROM
|c REFERENCE
|e Circulation Counter, Bestari Jaya
|